Viaje de la Comisión Astronómica Mexicana al Japón : para observar el tránsito del planeta Venus por el disco del sol el 8 de diciembre de 1874 /

I tiakina i:
Ngā taipitopito rārangi puna kōrero
Kaituhi matua: Díaz Covarrubias, Francisco (autor)
Ētahi atu kaituhi: Lemoine Villicaña, Ernesto (prólogo) (prólogo)
Hōputu: Pukapuka
Reo:Pāniora
I whakaputaina: México : Bibliófilos Mexicanos, 1969, c1969
Ngā marau:
Ngā Tūtohu: Tāpirihia he Tūtohu
Kāore He Tūtohu, Me noho koe te mea tuatahi ki te tūtohu i tēnei pūkete!

MARC

LEADER 00000nam^a2200000^a^4500
001 000563649
005 20250521000000.0
009 20260310132010.386
037 |a Acervo ITESO - Biblioteca 
041 |a ESP 
082 |a 952. 031  |b DIA 
100 |a Díaz Covarrubias, Francisco  |e (autor) 
245 1 0 |a Viaje de la Comisión Astronómica Mexicana al Japón :  |b para observar el tránsito del planeta Venus por el disco del sol el 8 de diciembre de 1874 /  |c F. Díaz Covarrubias ; pról. de E. Lemoine Villicaña. 
264 1 |a México :  |b Bibliófilos Mexicanos,  |c 1969, c1969 
300 |a XXIII, 322 p. 
336 |a texto  |b txt  |2 rdacontenido 
337 |a sin mediación  |b n  |2 rdamedio 
338 |a volumen  |b nc  |2 rdasoporte 
649 |a XX 
650 |a Viajes y Travesías -  |z Japón 
650 |a Expediciones Científicas -  |z Japón 
650 |a Exploradores y Viajeros Mexicanos 
650 |a Astrónomos Mexicanos 
650 |a Venus (Planeta) -  |x Tránsito -  |x Tema Principal 
650 |a Astronomía -  |z México 
650 |a Japón -  |x Historia -  |y Período Meiji, 1868-1912 
650 |a Japón -  |x Descripción -  |x Tema Principal 
700 |a Lemoine Villicaña, Ernesto  |e (prólogo) 
910 |a Fondo Salvador Reynoso Reynoso 
920 |a Impresos - Libros 
930 |a Fondos Especiales 
905 |a 112 
901 |a 0500400052  |b IT2  |c ESP  |i D  |u 20250521 
902 |a https://opac.biblio.iteso.mx/vufind/Record/000563649